000 00568nam a2200241Ia 4500
003 OSt
005 20220924142644.0
006 a|||||r|||| 00| 0
007 ta
008 ASM
020 _c25
024 _a302848
037 _cTextual
040 _aARTS
_cARTS
_bASM
041 _2ASM
_aASM
082 _aO115,2M28,15, 158N1
100 _aBora Mahendra Tr.
245 0 _aBhut
260 _c1991
650 _aNORWEGIAN LITERATURE
_9177940
942 _hO115,2M28,15, 158N1
_cTEXL
_2CC
999 _c451513
_d451513